|
|
|
|
| LEADER |
00000cam a2200000 7i4500 |
| 001 |
0000002146 |
| 005 |
20030531.0 |
| 020 |
0 |
0 |
|a 0849364906 (v. 1)
|
| 090 |
0 |
0 |
|a 581.70724
|b PLA 1987
|
| 245 |
0 |
0 |
|a PLANT growth modeling for resource management
|c editors, Karin Wisiol, John D. Hesketh
|
| 260 |
0 |
0 |
|a Boca Raton, Fla. :
|b CRC Press ,
|c 1987
|
| 300 |
|
|
|a v. :
|b ill. ;
|c 26 cm.
|
| 500 |
0 |
0 |
|a Includes bibliographies and indexes
|
| 500 |
0 |
0 |
|a v. I. Current models and methods v. II. Quantifying plant processes
|
| 650 |
0 |
0 |
|a Growth (Plants)
|x Data processing
|
| 650 |
0 |
0 |
|a Growth (Plants)
|x Mathematical models
|
| 700 |
0 |
1 |
|a Hesketh
|h John D.
|
| 700 |
0 |
1 |
|a Wisiol
|h Karin
|
| 998 |
|
|
|a JPSM
|
| 999 |
|
|
|a 0000003650
|b Monograph
|c Open Shelf
|e Default branch
|
| 999 |
|
|
|a 0000004127
|b Monograph
|c Open Shelf
|e Default branch
|